QCM - Harry Potter - Statistiques

Statistiques générales
  • Ce quiz a été pris 83 fois
  • Le résultat moyen est 12 sur 15
Statistiques - réponses
Question Réponse % Correct
À quoi ressemble l’Epouvantard de Ron Weasley ? Une araignée
96%
Quel est le sortilège qu’utilise Hermione pour effacer la mémoire de ses parents et les protéger ? Oubliettes
93%
Comment se nomme le crapaud de Neville Londubat ? Trevor
93%
Quel est le deuxième prénom de Harry Potter ? James
92%
Luna Lovegood est en mesure de voir les Sombrals depuis que : Sa mère est décédée
92%
Combien d’Horcruxes a forgé Voldemort ? 7
90%
Qui est en possession de la moto de Sirius Black ? Rubeus Hagrid
90%
Quelle est la forme du Patronus de Dolores Ombrage ? Un chat
86%
Par qui Drago est-il accompagné lors du Bal de Noël ? Pansy Parkinson
85%
Albus Dumbledore a : 1 frère et 1 sœur
83%
Quelle est la particularité que possède Nymphadora Tonks ? Elle est Métamorphomage
79%
Quelle apparence prend Rita Skeeter sous sa forme d’Animagus ? Celle d’un scarabée
68%
En quelle année est né Remus Lupin ? 1960
57%
En quel bois est faite la baguette de Bellatrix Lestrange ? En noyer
33%
Quel est le surnom qu’Harry donne à Ginny Weasley ? Gin
32%
Aucun quiz correspondant
Distribution des résultats
% des personnes avec chaque résultat
Percentile par nombre de réponses
Votre historique - résultats
Vous n’avez pas pris ce quiz